000 00866cam a2200277 4500
001 B1612
008 090401t1988 xxu||||| |||| 00| 0 eng d
035 _a(Sirsi) u45438
041 _aeng
050 _a526.90285
090 _aRICS 1988/4 ABC
100 _aIves, M.J.
245 4 _aThe development of digital records systems in British Gas Plc
260 _c1988
300 _a11p. ; 30cm.
350 _a3.25
520 _aPresented at an RICS Land Surveyors Division OGM 7 January 1988. N.B. This paper was also handed out with Kelly`s contribution to the workshop entitled: GIS/LIS and the land surveyor: opportunities and pitfalls. (1987/56)
650 _aGAS
650 _aGIS
650 _aLAND INFORMATION SYSTEMS
650 _aUTILITIES MAPPING
700 _aKelly, S.J
700 _aMahoney, R.P.
942 _n0
948 _c04/03/1997
999 _c91720
_d91720